Introductory quantum electrodynamics /

Bibliographic Details
Main Author: Power, E. A. (Edwin Albert)
Format: Book
Language:English
Published: New York : American Elsevier Pub. Co., [1965]
Series:Mathematical physics (Series)
Subjects:

MARC

Tag First Indicator Second Indicator Subfields
LEADER 00000cam a2200000 4500
001 in00000051272
005 20151007065939.0
008 751208c19651964nyua b 00010 eng
010 |a  65020006  
035 |a (OCoLC)01882095 
035 |9 AAE3020AM 
040 |a DLC  |c FQG  |d TXA  |d UtOrBLW 
049 |a TXAM  |c [452052] 
050 0 0 |a QC680  |b .P65 
082 0 |a 537.1 
092 |a 537.64  |b P887i, 1965 
100 1 |a Power, E. A.  |q (Edwin Albert) 
245 1 0 |a Introductory quantum electrodynamics /  |c [by] E. A. Power. 
264 1 |a New York :  |b American Elsevier Pub. Co.,  |c [1965] 
264 4 |c [©1964] 
300 |a x, 147 pages :  |b illustrations ;  |c 23 cm. 
336 |a text  |b txt  |2 rdacontent 
337 |a unmediated  |b n  |2 rdamedia 
338 |a volume  |b nc  |2 rdacarrier 
490 1 |a Mathematical physics series 
504 |a Bibliography: pages 142-144. 
650 0 |a Quantum electrodynamics. 
830 0 |a Mathematical physics (Series) 
999 |a MARS 
999 f f |s 5aeebfd4-fd32-3b29-ae7c-72583c0ac64f  |i 143761e5-8c48-3f9e-9ab7-1d1a7e97026e  |t 0 
952 f f |p normal  |a Texas A&M University  |b College Station  |c Sterling C. Evans Library  |d Evans: Library Stacks  |t 0  |e QC680 .P65  |h Library of Congress classification  |i unmediated -- volume  |m A14800925655 
998 f f |a QC680 .P65  |t 0  |l Evans: Library Stacks